00997cam a2200241 a 450000100100000000500170001000800410002704000250006808200180009310000240011124000330013524501300016826000320029830000210033050000270035159000750037865000150045370000350046891000370050304900090054095201890054999900170073800003484420260119094801.0000119s1966 sp b 000 0 spa  aDO-SdBNPbspacBNPHU a152.41bF932a1 aFromm, Erich95142910aThe art of lovinglespañol14aEl arte de amar :buna investigación sobre la naturaleza del amor /cErich Fromm ; versión castellana Noemí Rosenblatt. aBarcelona :bPaidos,c1966. a155 p. ;c18 cm. aTraducido del inglés aPerteneció a la biblioteca personal de Juan Isidro Jimenes Grullón 0aAmor9168812aNoemí Rosenblattetr.960372 aValidado. Control de calidad MFF aBNGR 001050718MOaGRbGRcHDd2011-10-20iLF1l0o152.41 F932ap34844-10r2020-06-25w2020-06-25y1zPerteneció a la biblioteca personal de Juan Isidro Jimenes -GrullónZNo se presta c34335d34335